<?xml version="1.0" encoding="UTF-8"?>
<record
    xmlns:xsi="http://www.w3.org/2001/XMLSchema-instance"
    xsi:schemaLocation="http://www.loc.gov/MARC21/slim http://www.loc.gov/standards/marcxml/schema/MARC21slim.xsd"
    xmlns="http://www.loc.gov/MARC21/slim">

  <leader>00548nam a22001337a 4500</leader>
  <datafield tag="040" ind1=" " ind2=" ">
    <subfield code="c">RUA</subfield>
  </datafield>
  <datafield tag="082" ind1=" " ind2=" ">
    <subfield code="a">FOR TIM 2012 B140 Or.1</subfield>
  </datafield>
  <datafield tag="100" ind1=" " ind2=" ">
    <subfield code="a">TIM, VEASNA.</subfield>
  </datafield>
  <datafield tag="245" ind1=" " ind2=" ">
    <subfield code="a">Study on presence of bird species in tamo mountain area, &#x179F;&#x17B7;&#x1780;&#x17D2;&#x179F;&#x17B6;&#x1796;&#x17B8;&#x179C;&#x178F;&#x17D2;&#x178F;&#x1798;&#x17B6;&#x1793;&#x1794;&#x17D2;&#x179A;&#x1797;&#x17C1;&#x1791;&#x179F;&#x178F;&#x17D2;&#x179C;&#x179F;&#x17D2;&#x179B;&#x17B6;&#x1794;&#x1793;&#x17C5;&#x178F;&#x17C6;&#x1794;&#x1793;&#x17CB;&#x1797;&#x17D2;&#x1793;&#x17C6;&#x178F;&#x17B6;&#x1798;&#x17C9;&#x17C5;</subfield>
  </datafield>
  <datafield tag="260" ind1=" " ind2=" ">
    <subfield code="a">Phnom Penh</subfield>
    <subfield code="b">RUA</subfield>
    <subfield code="c">2012</subfield>
  </datafield>
  <datafield tag="300" ind1=" " ind2=" ">
    <subfield code="a">ix; 61p.</subfield>
    <subfield code="b">ill.</subfield>
    <subfield code="c">29cm.</subfield>
  </datafield>
  <datafield tag="856" ind1=" " ind2=" ">
    <subfield code="u">https://drive.google.com/file/d/1ltBS3s6Kf8WY0T8LBQuBImMAqRCs5Ouu/view?usp=sharing</subfield>
  </datafield>
  <datafield tag="942" ind1=" " ind2=" ">
    <subfield code="c">FOR</subfield>
  </datafield>
  <datafield tag="999" ind1=" " ind2=" ">
    <subfield code="c">3413</subfield>
    <subfield code="d">3413</subfield>
  </datafield>
  <datafield tag="952" ind1=" " ind2=" ">
    <subfield code="0">0</subfield>
    <subfield code="1">0</subfield>
    <subfield code="2">ddc</subfield>
    <subfield code="4">0</subfield>
    <subfield code="6">FOR_TIM_2012_000000000000000_B140_OR_1</subfield>
    <subfield code="7">0</subfield>
    <subfield code="9">16199</subfield>
    <subfield code="a">LBB</subfield>
    <subfield code="b">LBB</subfield>
    <subfield code="c">B140</subfield>
    <subfield code="d">2015-11-14</subfield>
    <subfield code="o">FOR TIM 2012 B140 Or.1</subfield>
    <subfield code="p">RUA012439</subfield>
    <subfield code="r">2015-11-14</subfield>
    <subfield code="w">2015-11-14</subfield>
    <subfield code="y">FOR</subfield>
  </datafield>
  <datafield tag="952" ind1=" " ind2=" ">
    <subfield code="0">0</subfield>
    <subfield code="1">0</subfield>
    <subfield code="2">ddc</subfield>
    <subfield code="4">0</subfield>
    <subfield code="6">FOR_TIM_2012_000000000000000_B140_OR_2</subfield>
    <subfield code="7">0</subfield>
    <subfield code="9">16200</subfield>
    <subfield code="a">LBB</subfield>
    <subfield code="b">LBB</subfield>
    <subfield code="c">B140</subfield>
    <subfield code="d">2015-11-14</subfield>
    <subfield code="l">2</subfield>
    <subfield code="o">FOR TIM 2012 B140 Or.2</subfield>
    <subfield code="p">RUA026997</subfield>
    <subfield code="r">2026-03-27</subfield>
    <subfield code="s">2024-05-08</subfield>
    <subfield code="w">2015-11-14</subfield>
    <subfield code="y">FOR</subfield>
  </datafield>
  <datafield tag="952" ind1=" " ind2=" ">
    <subfield code="0">0</subfield>
    <subfield code="1">0</subfield>
    <subfield code="2">ddc</subfield>
    <subfield code="4">0</subfield>
    <subfield code="6">FOR_TIM_2012_000000000000000_B140_OR_3</subfield>
    <subfield code="7">0</subfield>
    <subfield code="9">16201</subfield>
    <subfield code="a">LBB</subfield>
    <subfield code="b">LBB</subfield>
    <subfield code="c">B140</subfield>
    <subfield code="d">2015-11-14</subfield>
    <subfield code="l">1</subfield>
    <subfield code="o">FOR TIM 2012 B140 Or.3</subfield>
    <subfield code="p">RUA026925</subfield>
    <subfield code="r">2025-10-31</subfield>
    <subfield code="s">2025-09-30</subfield>
    <subfield code="w">2015-11-14</subfield>
    <subfield code="y">FOR</subfield>
  </datafield>
  <datafield tag="952" ind1=" " ind2=" ">
    <subfield code="0">0</subfield>
    <subfield code="1">0</subfield>
    <subfield code="2">ddc</subfield>
    <subfield code="4">0</subfield>
    <subfield code="6">FOR_TIM_2012_000000000000000_B140_OR_4</subfield>
    <subfield code="7">0</subfield>
    <subfield code="9">16202</subfield>
    <subfield code="a">LBB</subfield>
    <subfield code="b">LBB</subfield>
    <subfield code="c">B140</subfield>
    <subfield code="d">2015-11-14</subfield>
    <subfield code="l">2</subfield>
    <subfield code="o">FOR TIM 2012 B140 Or.4</subfield>
    <subfield code="p">RUA026853</subfield>
    <subfield code="r">2023-04-06</subfield>
    <subfield code="s">2023-03-06</subfield>
    <subfield code="w">2015-11-14</subfield>
    <subfield code="y">FOR</subfield>
  </datafield>
  <datafield tag="952" ind1=" " ind2=" ">
    <subfield code="0">0</subfield>
    <subfield code="1">0</subfield>
    <subfield code="2">ddc</subfield>
    <subfield code="4">0</subfield>
    <subfield code="6">FOR_TIM_2012_000000000000000_B140_OR_5</subfield>
    <subfield code="7">0</subfield>
    <subfield code="9">16203</subfield>
    <subfield code="a">LBB</subfield>
    <subfield code="b">LBB</subfield>
    <subfield code="c">B140</subfield>
    <subfield code="d">2015-11-14</subfield>
    <subfield code="l">3</subfield>
    <subfield code="o">FOR TIM 2012 B140 Or.5</subfield>
    <subfield code="p">RUA026781</subfield>
    <subfield code="q">2026-08-07</subfield>
    <subfield code="r">2026-07-03</subfield>
    <subfield code="s">2026-07-03</subfield>
    <subfield code="w">2015-11-14</subfield>
    <subfield code="y">FOR</subfield>
  </datafield>
  <datafield tag="952" ind1=" " ind2=" ">
    <subfield code="0">0</subfield>
    <subfield code="1">0</subfield>
    <subfield code="2">ddc</subfield>
    <subfield code="4">0</subfield>
    <subfield code="6">FOR_TIM_2012_000000000000000_B140_OR_6</subfield>
    <subfield code="7">0</subfield>
    <subfield code="9">16204</subfield>
    <subfield code="a">LBB</subfield>
    <subfield code="b">LBB</subfield>
    <subfield code="c">B140</subfield>
    <subfield code="d">2015-11-14</subfield>
    <subfield code="o">FOR TIM 2012 B140 Or.6</subfield>
    <subfield code="p">RUA028253</subfield>
    <subfield code="r">2015-11-14</subfield>
    <subfield code="w">2015-11-14</subfield>
    <subfield code="y">FOR</subfield>
  </datafield>
  <datafield tag="952" ind1=" " ind2=" ">
    <subfield code="0">0</subfield>
    <subfield code="1">0</subfield>
    <subfield code="2">ddc</subfield>
    <subfield code="4">0</subfield>
    <subfield code="6">FOR_TIM_2012_000000000000000_B140_OR_7</subfield>
    <subfield code="7">0</subfield>
    <subfield code="9">16205</subfield>
    <subfield code="a">LBB</subfield>
    <subfield code="b">LBB</subfield>
    <subfield code="c">B140</subfield>
    <subfield code="d">2015-11-14</subfield>
    <subfield code="l">2</subfield>
    <subfield code="o">FOR TIM 2012 B140 Or.7</subfield>
    <subfield code="p">RUA028856</subfield>
    <subfield code="q">2026-07-21</subfield>
    <subfield code="r">2026-06-15</subfield>
    <subfield code="s">2026-06-15</subfield>
    <subfield code="w">2015-11-14</subfield>
    <subfield code="y">FOR</subfield>
  </datafield>
  <datafield tag="952" ind1=" " ind2=" ">
    <subfield code="0">0</subfield>
    <subfield code="1">0</subfield>
    <subfield code="2">ddc</subfield>
    <subfield code="4">0</subfield>
    <subfield code="6">FOR_TIM_2012_000000000000000_B140_OR_8</subfield>
    <subfield code="7">0</subfield>
    <subfield code="9">16206</subfield>
    <subfield code="a">LBB</subfield>
    <subfield code="b">LBB</subfield>
    <subfield code="c">B140</subfield>
    <subfield code="d">2015-11-14</subfield>
    <subfield code="l">1</subfield>
    <subfield code="o">FOR TIM 2012 B140 Or.8</subfield>
    <subfield code="p">RUA028262</subfield>
    <subfield code="r">2023-03-13</subfield>
    <subfield code="s">2023-02-14</subfield>
    <subfield code="w">2015-11-14</subfield>
    <subfield code="y">FOR</subfield>
  </datafield>
</record>
